| 000 | 00677nam a2200217 a 4500 | ||
|---|---|---|---|
| 001 | BRCA_2811 | ||
| 005 | 20190320203959.0 | ||
| 008 | 081208s1959----enka---###---#000-0#eng-u | ||
| 050 | 4 |
_aNK1125 _b.S28 1959 |
|
| 100 | 1 |
_aSavage, Leonard George Gimson _92719 |
|
| 245 | 1 | 0 |
_aThe antique collector´s handbook _cGeorge Savage ; drawings by Frederick Curl. |
| 260 |
_aLondon _bBarrie and Rockliff _c1959 |
||
| 300 |
_a304 p. _bil. _c22 cm. |
||
| 500 | _aAA105 | ||
| 504 | _aBibliografĂa: p. 276-287 | ||
| 650 | 1 | 4 |
_aColeccionistas y colecciones _97889 |
| 650 | 1 | 4 |
_aArte _xColeccionistas y colecciones _97445 |
| 700 | 1 |
_aCurl, Frederick _97890 |
|
| 902 | _aGFM | ||
| 942 |
_2lcc _cB |
||
| 999 |
_c2551 _d2551 |
||